| 000 | 00890nam a2200277Ia 4500 | ||
|---|---|---|---|
| 005 | 20220316235650.0 | ||
| 008 | 121119s1997 sp a gr 000 j spa | ||
| 020 | _a8426130054 | ||
| 041 | 1 | _aspa | |
| 100 | 1 | _aCapdevila, Roser | |
| 245 | 1 | 3 |
_aLa escuela ¡qué aventura! _cRoser Capdevila ; traducción de Pilar Garriga |
| 250 | _aPrimera edición | ||
| 300 |
_a30 páginas _bilustraciones _c25 cm |
||
| 650 | 1 | 4 |
_aCuentos infantiles _2LEMB |
| 650 | 1 | 4 |
_aLibros de láminas para niños _2LEMB |
| 650 | 1 | 4 |
_aLiteratura infantil _2LEMB |
| 650 | 1 | 4 |
_aRelación _xAlumno-maestro _2LEMB |
| 700 | 1 |
_aGarriga, Pilar _etraductor _940074 |
|
| 942 |
_2loc _cBKINF |
||
| 264 |
_aBarcelona _bJuventud _c1997 |
||
| 336 |
_atexto _btxt _2rdacontent |
||
| 337 |
_asin mediación _bn _2rdamedia |
||
| 338 |
_avolumen _bnc _2rdacarrier |
||
| 040 |
_aCO-BoRNBP _bspa _erda _cCO-BoRNBP |
||
| 084 | _aC CAP2 | ||
| 999 |
_c1737 _d1737 |
||